000 00331nam a2200133 i 4500
001 bg
100 1 _aKAPUSTIN, A. P.
245 0 _aEksperimentalinye issledovanija żidkich kristallov /
_cA.P. Kapustin.
260 _aMoskwa,
_c1978.
040 _cBPK
041 _apol
942 _cKS
008 s pl f |000 0 pol
999 _c17984
_d17984
856 _uhttp://koha.tu.koszalin.pl/cgi-bin/koha/opac-detail.pl?biblionumber=17984
_yKatalog online BPK